| 000 | 00956cam a22002537 4500 | ||
|---|---|---|---|
| 001 | tmp92003351 | ||
| 003 | DLC | ||
| 005 | 20260227112753.0 | ||
| 007 | cr ||||||||||| | ||
| 008 | 921103s1864 nyu 000 0 eng | ||
| 010 | _atmp92003351 | ||
| 040 |
_aDLC _cDLC _dDLC |
||
| 050 | 0 | 0 |
_aE448 _b.T89 |
| 100 | 1 |
_aTuckerman, Charles K. _q(Charles Keating), _d1821-1896. |
|
| 245 | 1 | 0 | _aStatement of circumstances attending the experiment of colonizing free negroes, at-the island of A'Vache, Hayti, W.I. |
| 260 |
_a[New York, _c1864] |
||
| 300 |
_a20 p. _c23 cm. |
||
| 500 | _aCaption title. | ||
| 530 | _aAlso available in digital form on the Library of Congress Web site. | ||
| 650 | 0 |
_aAfrican Americans _xColonization _zHaiti _xHistory _y19th century. |
|
| 650 | 0 |
_aAfrican Americans _xHistory _yTo 1863. |
|
| 856 | 4 | 1 |
_3PDF _uhttp://hdl.loc.gov/loc.gdc/scd0001.20030806001st.1 |
| 856 | 4 | 1 |
_3Page view _uhttp://hdl.loc.gov/loc.gdc/scd0001.20030806001st.2 |
| 999 |
_c91035 _d91035 |
||